000 00582nam a2200181 a 4500
005 20210223122002.0
008 991125s1995 mx 000 0 spa u
020 _a9688425273
035 _aUPN01000027256
049 _aCG
050 4 _aJL1231
_bH32
245 0 0 _aHacia la modernización administrativa :
_buna propuesta de la sociedad /
_ccoord. Antonio Argüelles.
260 _aMéxico :
_bM. A. Porrúa,
_c1995.
300 _a189 p.
650 4 _aADMINISTRACION PUBLICA -
_zMEXICO
_9243
700 1 _aArgüelles Díaz-González, Antonio,
_d1959-
_ecoord.
_928745
905 _aLibro
999 _c27256
_d27256